|
|
|
|
| LEADER |
00000naa a2200000uu 4500 |
| 001 |
vtls010941564 |
| 003 |
SK-MaSNL |
| 005 |
20260302123222.0 |
| 008 |
210904|2000 xo |||||||||||||||||eng| |
| 015 |
|
|
|a SNBRA
|
| 035 |
|
|
|a (urnnbn)urn:nbn:sk:snk:ar-a0bc6j
|
| 035 |
|
|
|a (uuid)ca4bc541-74c0-4e8f-a8a7-135664434b0b
|
| 035 |
|
|
|a urn:nbn:sk:snk-aau4g0
|
| 040 |
|
|
|a SNKBUCL
|b slo
|c SNKBUCL
|e AACR2
|
| 041 |
0 |
|
|a eng
|
| 044 |
|
|
|a xo
|c SK
|
| 100 |
1 |
|
|a Kiszczak, L.
|4 aut
|9 805949
|
| 245 |
1 |
0 |
|a COOLING AND STORING OF VENISON
|c L. Kiszczak, M. Chudzicka
|
| 700 |
1 |
|
|a Chudzicka, M.
|4 aut
|9 777964
|
| 773 |
0 |
|
|t Hygiena Alimentorum 21
|d Bratislava] : Štátna veterinárna správa SR, 2000
|g S. 259-261
|z 807148041X
|
| 958 |
|
|
|a OND
|
| 958 |
|
|
|a article11
|
| 958 |
|
|
|a chapter
|
| 999 |
|
|
|c 1281920
|d 1283850
|